000 00809nam a2200253Ia 4500
003 OSt
005 20220923211643.0
006 a|||||r|||| 00| 0
007 ta
008 220922b |||||||| |||| 00| 0 san d
024 _a40,117
037 _cTextual
040 _aARTS
_cARTS
_bsan
041 _2san
_asan
082 _aO15,1D63:g, 152L4
100 _aअमलधारी सिंह
_9156275
245 0 _aमहाकवि भारवि
246 _ahinākavi bhāravi
260 _aदिल्ली
_b भारतीय विद्या प्रकाशन
_c1974
300 _a65पृ0
_ccm.
650 _aसंस्कृत साहित्य
942 _hO15,1D63:g, 152L4
_cTEXL
_2CC
999 _c302207
_d302207